From writers to writing : (Record no. 3781)

000 -LEADER
fixed length control field nam a22 7a 4500
005 - DATE AND TIME OF LATEST TRANSACTION
control field 20170524084253.0
008 - FIXED-LENGTH DATA ELEMENTS--GENERAL INFORMATION
fixed length control field 170524b1978 ny ||||| |||| 00| 0 eng d
020 ## - INTERNATIONAL STANDARD BOOK NUMBER
International Standard Book Number 0471017663
040 ## - CATALOGING SOURCE
Original cataloging agency AKMAL
082 ## - DEWEY DECIMAL CLASSIFICATION NUMBER
Classification number 808.04275 KIR
090 ## - LOCALLY ASSIGNED LC-TYPE CALL NUMBER (OCLC); LOCAL CALL NUMBER (RLIN)
Classification number (OCLC) (R) ; Classification number, CALL (RLIN) (NR) 808.04275
Local cutter number (OCLC) ; Book number/undivided call number, CALL (RLIN) KIR
100 1# - MAIN ENTRY--PERSONAL NAME
Personal name Kirby, Lee,
Dates associated with a name 1940-
9 (RLIN) 7479
245 10 - TITLE STATEMENT
Title From writers to writing :
Remainder of title a college reading and writing workbook /
Statement of responsibility, etc. Lee Kirby, John Scarry.
260 ## - PUBLICATION, DISTRIBUTION, ETC.
Place of publication, distribution, etc. New York :
Name of publisher, distributor, etc. Wiley,
Date of publication, distribution, etc. c1978
300 ## - PHYSICAL DESCRIPTION
Dimensions cm
500 ## - GENERAL NOTE
General note Includes index.
650 #0 - SUBJECT ADDED ENTRY--TOPICAL TERM
Topical term or geographic name entry element English language
Form subdivision Problems, exercises, etc.
General subdivision Rhetoric
9 (RLIN) 7480
650 #0 - SUBJECT ADDED ENTRY--TOPICAL TERM
Topical term or geographic name entry element English language
Form subdivision Problems, exercises, etc.
General subdivision Grammar
9 (RLIN) 7481
650 #0 - SUBJECT ADDED ENTRY--TOPICAL TERM
Topical term or geographic name entry element College readers.
9 (RLIN) 1469
650 #0 - SUBJECT ADDED ENTRY--TOPICAL TERM
Topical term or geographic name entry element Report writing
General subdivision Problems, exercises, etc.
9 (RLIN) 7455
700 1# - ADDED ENTRY--PERSONAL NAME
Personal name Scarry, John
Titles and other words associated with a name (Professor)
Relator term joint author
9 (RLIN) 7482
942 ## - ADDED ENTRY ELEMENTS (KOHA)
Source of classification or shelving scheme
Koha item type Book
Holdings
Withdrawn status Lost status Source of classification or shelving scheme Damaged status Not for loan Collection code Home library Current library Shelving location Date acquired Inventory number Total Checkouts Full call number Barcode Date last seen Price effective from Koha item type
          NON-FICTION AKMAL Melaka AKMAL Melaka PINJAMAN 24.05.2017 800143   808.04275 KIR 201704973 24.05.2017 24.05.2017 Book
Pusat Sumber Maklumat Dato' Haji Sarmin Md Hussin, Akademi Kastam Diraja Malaysia, Melaka
Tel: 06-2331106 | Faks: 06-2313787